[Event "Championnat de France - Open C"]
[Site "Caen"]
[Date "2011.08.16"]
[Round "1.1"]
[White "Aumont, Eric"]
[Black "Lefevre, Michel"]
[Result "1/2-1/2"]
[WhiteElo "1796"]
[BlackElo "1643"]
[PlyCount "129"]

1. c4 e5 2. Nc3 Nf6 3. d3 d5 4. cxd5 Nxd5 5. Nf3 Nc6 6. g3 Bb4 7. Bd2 O-O 8.
Bg2 Be6 9. O-O Qd7 10. Ng5 Nxc3 11. bxc3 Bc5 12. Nxe6 Qxe6 13. Qa4 Rab8 14.
Rab1 Bb6 15. Bxc6 Qxc6 16. Qxc6 bxc6 17. Rb3 f5 18. Kg2 Kf7 19. Rfb1 Ke6 20. a4
Ra8 21. c4 a5 22. Be3 Bxe3 23. fxe3 f4 24. exf4 exf4 25. g4 g5 26. Rb7 Kd6 27.
Kf3 Rfe8 28. e4 fxe3 29. Re1 Rf8+ 30. Kxe3 Rae8+ 31. Kd2 Rf2+ 32. Kd1 Rxe1+ 33.
Kxe1 Rxh2 34. Ra7 Rg2 35. Rxa5 Rxg4 36. Rf5 h5 37. a5 h4 38. a6 Rg1+ 39. Rf1
Rg2 40. Rf2 Rg1+ 41. Ke2 Ra1 42. Rf5 Rxa6 43. Rxg5 Ra2+ 44. Ke3 Rh2 45. Rh5 c5
46. d4 cxd4+ 47. Kxd4 Rd2+ 48. Kc3 Rh2 49. Kb4 c5+ 50. Kc3 h3 51. Kb3 Rh1 52.
Kb2 h2 53. Ka2 Rc1 54. Rxh2 Rxc4 55. Kb3 Rg4 56. Rh3 Kc6 57. Kc3 Kb5 58. Kc2
Ra4 59. Rb3+ Rb4 60. Rxb4+ Kxb4 61. Kb2 c4 62. Kc2 c3 63. Kc1 Kb3 64. Kb1 c2+
65. Kc1 1/2-1/2

[Event "Championnat de France - Open C"]
[Site "Caen"]
[Date "2011.08.16"]
[Round "1.2"]
[White "Fauchart, Francois"]
[Black "Ginovart, Axel"]
[Result "0-1"]
[WhiteElo "1642"]
[BlackElo "1793"]
[Annotator "Rivier,Sylvain"]
[PlyCount "23"]

1. d4 d5 2. Nf3 Nc6 3. Bf4 Nf6 4. h3 Bf5 5. c3 h6 6. Nbd2 e6 7. e3 a6 8. g4 Bh7
9. Bg2 Bd6 10. Nb3 Be4 11. O-O g5 12. Bg3 {suite illisible} 0-1

[Event "Championnat de France - Open C"]
[Site "Caen"]
[Date "2011.08.16"]
[Round "1.3"]
[White "Hocher, Eugene"]
[Black "Rodriguez, Jean-Pierre"]
[Result "1-0"]
[WhiteElo "1793"]
[BlackElo "1642"]
[PlyCount "69"]

1. d4 d5 2. c4 e6 3. Nc3 Nf6 4. Nf3 Nbd7 5. Qb3 Be7 6. e3 c6 7. Bd3 O-O 8. Bd2
dxc4 9. Bxc4 c5 10. Bd3 cxd4 11. exd4 Nc5 12. Qc2 Nxd3+ 13. Qxd3 h6 14. O-O b6
15. Rac1 Bb7 16. Ne5 Bd6 17. Qe2 Rc8 18. Rfd1 Qc7 19. a3 Rfd8 20. h3 Ba8 21.
Be1 Qb7 22. f3 Nd5 23. Bd2 Re8 24. Qf2 Qe7 25. Rc2 b5 26. Rdc1 Nxc3 27. Bxc3 a6
28. Qe1 Bd5 29. Nd3 Qg5 30. Bd2 Qg6 31. Rxc8 Rxc8 32. Rxc8+ Kh7 33. Qe3 Qg3 34.
Ne5 f6 35. Be1 1-0

[Event "Championnat de France - Open C"]
[Site "Caen"]
[Date "2011.08.16"]
[Round "1.4"]
[White "Arous, Andre"]
[Black "Nouhaud, Laurent"]
[Result "0-1"]
[WhiteElo "1637"]
[BlackElo "1793"]
[PlyCount "68"]

1. e4 Nc6 2. d4 d5 3. e5 Bf5 4. Bd3 Nxd4 5. c3 Bxd3 6. cxd4 Bxb1 7. Rxb1 e6 8.
Nf3 f6 9. O-O fxe5 10. Nxe5 Nf6 11. Bg5 g6 12. Qd3 Be7 13. Qb5+ Nd7 14. Bh6 a6
15. Qxb7 Nxe5 16. dxe5 c5 17. Qc6+ Kf7 18. f4 Qc8 19. Qa4 c4 20. Kh1 Qb7 21.
Qd1 Rab8 22. Qg4 Rhg8 23. Qd1 Bc5 24. Qc2 Qb5 25. Rfc1 Be3 26. Re1 d4 27. Rxe3
dxe3 28. Qc3 Qc5 29. Re1 Rgd8 30. Rc1 Rd3 31. Qc2 Rbd8 32. h3 Rd2 33. Qe4 Qd5
34. Qxe3 Qxg2# 0-1

[Event "Championnat de France - Open C"]
[Site "Caen"]
[Date "2011.08.16"]
[Round "1.5"]
[White "Lanusse, Matthieu"]
[Black "Roger, Juliette"]
[Result "0-1"]
[WhiteElo "1790"]
[BlackElo "1635"]
[PlyCount "114"]

1. e4 c5 2. Nf3 Nc6 3. d4 cxd4 4. Nxd4 g6 5. Be3 Bg7 6. Nc3 d6 7. Bc4 Nf6 8. f3
O-O 9. Qd2 a6 10. a4 Ne5 11. Bb3 Qc7 12. g4 Nc4 13. Bxc4 Qxc4 14. O-O-O Bd7 15.
a5 Qb4 16. Nb3 Be6 17. Nd5 Qxd2+ 18. Rxd2 Nxd5 19. exd5 Bd7 20. Kb1 Rac8 21.
Re1 Ba4 22. Nc1 Rfe8 23. Ne2 e6 24. dxe6 Rxe6 25. Nf4 Ree8 26. Nd5 Bc6 27. Nb6
Rc7 28. f4 Rce7 29. Rd3 d5 30. c3 Bb5 31. Kc2 Bxd3+ 32. Kxd3 Rd8 33. Bf2 Rxe1
34. Bxe1 d4 35. c4 f5 36. h3 Re8 37. Bf2 Re4 38. Nd5 Kf7 39. b4 Ke6 40. Kd2 g5
41. gxf5+ Kxf5 42. fxg5 Kxg5 43. b5 Kf5 44. bxa6 bxa6 45. Nc7 Re7 46. Nxa6 Ra7
47. Nb4 Rxa5 48. Nc2 Ke4 49. Kc1 Kd3 50. Be1 Rc5 51. Na3 Ke2 52. Bb4 Rc8 53. c5
d3 54. Nc4 Bh6+ 55. Kb2 d2 56. Nxd2 Bxd2 57. Ba3 Be3 0-1

[Event "Championnat de France - Open C"]
[Site "Caen"]
[Date "2011.08.16"]
[Round "1.6"]
[White "Chevret, Patrick"]
[Black "Citterio, Jean-Claude"]
[Result "0-1"]
[WhiteElo "1630"]
[BlackElo "1788"]
[PlyCount "58"]

1. e4 e5 2. Nf3 Nc6 3. Bc4 Bc5 4. Nc3 d6 5. h3 Be6 6. Bb3 Qd7 7. d3 Nf6 8. Be3
Nd4 9. Na4 Nxf3+ 10. Qxf3 Bxe3 11. Qxe3 O-O 12. O-O-O Bxb3 13. axb3 b5 14. Nc3
a5 15. Rhe1 a4 16. bxa4 bxa4 17. d4 exd4 18. Rxd4 Rfb8 19. e5 Ne8 20. e6 fxe6
21. Qxe6+ Qxe6 22. Rxe6 a3 23. bxa3 Rxa3 24. Kd2 Kf7 25. Rde4 Nf6 26. Re7+ Kf8
27. Re3 Rxc3 28. Rxc3 Kxe7 29. Rxc7+ Nd7 0-1

[Event "Championnat de France - Open C"]
[Site "Caen"]
[Date "2011.08.16"]
[Round "1.7"]
[White "Saucey, Capucine"]
[Black "Perrot, Gerald"]
[Result "1-0"]
[WhiteElo "1788"]
[BlackElo "1630"]
[PlyCount "37"]

1. e4 e6 2. d4 d5 3. Nd2 c5 4. exd5 exd5 5. Ngf3 Nf6 6. Bb5+ Bd7 7. Bxd7+ Nfxd7
8. O-O Be7 9. Re1 O-O 10. Nf1 Nc6 11. Be3 c4 12. Ng3 Bb4 13. c3 Ba5 14. Qc2 Nf6
15. Bg5 Bc7 16. Nh5 Qd6 17. Bxf6 gxf6 18. Qf5 Bd8 19. Qg4+ 1-0

[Event "Championnat de France - Open C"]
[Site "Caen"]
[Date "2011.08.16"]
[Round "1.8"]
[White "Pivarot, Danielle"]
[Black "Nolot, Clementine"]
[Result "1/2-1/2"]
[WhiteElo "1630"]
[BlackElo "1784"]
[PlyCount "117"]

1. d4 d5 2. c4 c6 3. Nf3 Nf6 4. Nc3 dxc4 5. a4 Bf5 6. e3 e6 7. Bxc4 Nbd7 8. O-O
Bd6 9. Bd3 Bg6 10. Qc2 O-O 11. Bxg6 hxg6 12. Rb1 Ng4 13. h3 Nh6 14. b4 Kh7 15.
Ne4 Bc7 16. Ba3 Rh8 17. Qb3 Nf6 18. Neg5+ Kg8 19. Rbc1 Nd5 20. Rc2 Bd6 21. Rfc1
Be7 22. Ne4 g5 23. b5 Bxa3 24. Qxa3 cxb5 25. axb5 g4 26. hxg4 Nxg4 27. Neg5 Rh5
28. Ne4 Ndf6 29. Neg5 Nd5 30. Ne4 Kh7 31. Rc4 Qe7 32. Qc5 Rh8 33. Ng3 Rh6 34.
Kf1 Ndxe3+ 35. fxe3 Nxe3+ 36. Kf2 Nxc4 37. Qxc4 Qd6 38. Qd3+ g6 39. Qe3 Rd8 40.
Ng5+ Kg7 41. Qe5+ Qxe5 42. dxe5 Rd2+ 43. Kf3 Rh4 44. Rc7 Rd3+ 45. Ke2 Rxg3 46.
Nxf7 Rxg2+ 47. Kf3 Rb2 48. Nd6+ Kh6 49. Kg3 Ra4 50. Rc3 Rab4 51. Nxb7 Rxb5 52.
Nd6 Rxe5 53. Nf7+ Kg7 54. Nxe5 a5 55. Ra3 Rb5 56. Nc6 e5 57. Nxa5 Kf6 58. Nc4
g5 59. Ra6+ 1/2-1/2

[Event "Championnat de France - Open C"]
[Site "Caen"]
[Date "2011.08.16"]
[Round "1.9"]
[White "Rost, Pierre"]
[Black "Bergmann, Delphine"]
[Result "1-0"]
[WhiteElo "1783"]
[BlackElo "1628"]
[PlyCount "67"]

1. e4 c5 2. Nf3 e6 3. d4 cxd4 4. Nxd4 a6 5. Bd3 Nf6 6. O-O Qc7 7. Nc3 d6 8. Be3
g6 9. Kh1 e5 10. Nf3 Nbd7 11. Qd2 h6 12. h3 Nc5 13. Rad1 Be6 14. b4 Nxd3 15.
cxd3 d5 16. exd5 Nxd5 17. Nxd5 Bxd5 18. Rc1 Bc6 19. d4 exd4 20. Bxd4 O-O-O 21.
Qe3 Bd6 22. Bxh8 Rxh8 23. Rfd1 Bf4 24. Qc3 Rd8 25. Rxd8+ Qxd8 26. Re1 Kb8 27.
Ne5 Bd5 28. a4 Qe8 29. Nd3 Qd7 30. Nxf4 Bc6 31. Qd3 Qc7 32. b5 Qxf4 33. bxc6
Qxf2 34. Re8+ 1-0

[Event "Championnat de France - Open C"]
[Site "Caen"]
[Date "2011.08.16"]
[Round "1.10"]
[White "Au Quang, Tien"]
[Black "Stojanovic, Vojislav"]
[Result "0-1"]
[WhiteElo "1627"]
[BlackElo "1781"]
[PlyCount "68"]

1. e4 c6 2. d4 d5 3. Nc3 dxe4 4. Nxe4 Nd7 5. Bc4 Ndf6 6. Nxf6+ Nxf6 7. Ne2 Bg4
8. O-O e6 9. f3 Bh5 10. Nf4 Bd6 11. Nxh5 Nxh5 12. f4 Qh4 13. Qf3 Nf6 14. g3 Qh3
15. Rf2 O-O 16. Bf1 Qf5 17. Bd3 Qa5 18. Bd2 Qc7 19. Re1 Qb6 20. Bc3 c5 21. b3
cxd4 22. Bd2 Rad8 23. g4 g6 24. Qh3 Qc7 25. Ref1 Qc6 26. f5 exf5 27. Rxf5 Ne4
28. Rxf7 Rxf7 29. Rxf7 Kxf7 30. Qf3+ Nf6 31. Bc4+ Kg7 32. Qh3 Ng8 33. Qf1 Rf8
34. Qe2 Qf3 0-1

[Event "Championnat de France - Open C"]
[Site "Caen"]
[Date "2011.08.17"]
[Round "2.1"]
[White "Ginovart, Axel"]
[Black "Tomasi, Albert"]
[Result "1-0"]
[WhiteElo "1793"]
[BlackElo "1700"]
[PlyCount "141"]

1. e4 e5 2. Nf3 Nc6 3. Bb5 a6 4. Ba4 Nf6 5. O-O b5 6. Bb3 Be7 7. Re1 O-O 8. h3
Bb7 9. c3 d6 10. Bc2 Na5 11. d4 exd4 12. Nxd4 c5 13. Nf5 Nc4 14. Qf3 g6 15.
Nxe7+ Qxe7 16. Bg5 Kg7 17. Qf4 Rfe8 18. Qh4 Qe6 19. b3 Nb6 20. Nd2 Nfd7 21. f4
f6 22. Qh6+ Kg8 23. f5 Qf7 24. Bf4 Ne5 25. fxg6 Qxg6 26. Qxg6+ hxg6 27. Nf3
Nbd7 28. Rad1 Re6 29. Rd2 Nb6 30. Red1 Rd8 31. Nxe5 fxe5 32. Bh6 c4 33. Rf1 Rd7
34. Rdf2 Ree7 35. Rf6 Kh7 36. Bf8 Re8 37. Rf7+ Kg8 38. Rxd7 Nxd7 39. Bxd6 Re6
40. Ba3 Rf6 41. Rf3 Kf7 42. Kf2 Rf4 43. Ke3 g5 44. bxc4 bxc4 45. Bc1 Nf6 46.
Rxf4 gxf4+ 47. Kf3 Kg6 48. Ba3 Nh5 49. Bd6 Kf6 50. Bc7 Ng3 51. Bd8+ Ke6 52. Bh4
Nf1 53. Be1 Ne3 54. Ba4 Bc8 55. Bf2 Nf1 56. Ke2 Ng3+ 57. Bxg3 fxg3 58. Bc6 Kd6
59. Bd5 Kc5 60. Kf3 a5 61. Kxg3 Ba6 62. Bf7 Bb7 63. Kf3 Bc6 64. g4 Kb5 65. g5
Ka4 66. Bxc4 Bb5 67. Bxb5+ Kxb5 68. g6 Kc4 69. g7 Kxc3 70. g8=Q a4 71. Ke3 1-0

[Event "Championnat de France - Open C"]
[Site "Caen"]
[Date "2011.08.17"]
[Round "2.2"]
[White "Tempestini, Marc"]
[Black "Hocher, Eugene"]
[Result "1/2-1/2"]
[WhiteElo "1699"]
[BlackElo "1793"]
[PlyCount "125"]

1. e4 c5 2. Nf3 Nc6 3. d4 cxd4 4. Nxd4 Nf6 5. Nc3 a6 6. Nxc6 bxc6 7. e5 Ng8 8.
Bc4 g6 9. O-O Qa5 10. Qe2 Bb7 11. Bd2 Bg7 12. Nd5 Qd8 13. Nf4 Nh6 14. Bc3 O-O
15. Rad1 Qc7 16. Rfe1 Kh8 17. Qd2 Bc8 18. Nd3 c5 19. Qg5 Nf5 20. Bd5 Rb8 21.
Be4 Bh6 22. Qg4 Nd4 23. Nxc5 d6 24. exd6 exd6 25. Bxd4+ Bg7 26. Bxg7+ Kxg7 27.
Qf3 Qxc5 28. b3 Rd8 29. c4 Be6 30. Bd5 Re8 31. Qc3+ Kg8 32. h3 a5 33. Bxe6 fxe6
34. Qf6 Rf8 35. Qxe6+ Kh8 36. Qe3 Qa3 37. Qd4+ Kg8 38. Re7 Rf7 39. Qd5 Rbf8 40.
Rxf7 Rxf7 41. Rd2 a4 42. Qxd6 Qc1+ 43. Rd1 Qc2 44. Qd8+ Rf8 45. Qd5+ Rf7 46.
Rd2 Qb1+ 47. Kh2 axb3 48. axb3 Qxb3 49. Re2 Qb8+ 50. g3 Kg7 51. c5 h5 52. f4
Qa7 53. Qd6 h4 54. gxh4 Qa4 55. Kg3 Qb3+ 56. Kg4 Qb1 57. Qd4+ Kh7 58. Re5 Qc2
59. Qe4 Qd1+ 60. Qf3 Qg1+ 61. Qg3 Qd1+ 62. Qf3 Qg1+ 63. Qg3 1/2-1/2

[Event "Championnat de France - Open C"]
[Site "Caen"]
[Date "2011.08.17"]
[Round "2.3"]
[White "Nouhaud, Laurent"]
[Black "Dieuleveut, Floriane"]
[Result "1-0"]
[WhiteElo "1793"]
[BlackElo "1699"]
[PlyCount "41"]

1. f4 d6 2. Nf3 Nf6 3. d3 g6 4. e4 Bg7 5. Be2 c5 6. O-O O-O 7. Nc3 Nc6 8. h3 d5
9. e5 Ne8 10. g4 d4 11. Ne4 Nc7 12. Nxc5 Qd5 13. Ne4 h5 14. Nh4 Bh6 15. gxh5
Bxh3 16. Rf3 Bg4 17. Rg3 Bxe2 18. Qxe2 Ne6 19. hxg6 Nxf4 20. Bxf4 Bxf4 21. Qh5
1-0

[Event "Championnat de France - Open C"]
[Site "Caen"]
[Date "2011.08.17"]
[Round "2.4"]
[White "Citterio, Jean-Claude"]
[Black "Tomasi, Martin"]
[Result "0-1"]
[WhiteElo "1788"]
[BlackElo "1694"]
[PlyCount "114"]

1. e4 e5 2. Nf3 Nc6 3. Bc4 Nf6 4. d4 exd4 5. O-O Nxe4 6. Re1 d5 7. Bxd5 Qxd5 8.
Nc3 Qh5 9. Nxe4 Be6 10. Bg5 Bd6 11. Nxd6+ cxd6 12. Bf4 Rd8 13. Nxd4 Qxd1 14.
Raxd1 Nxd4 15. Rxd4 d5 16. Bd2 O-O 17. Re5 Rd7 18. f4 g6 19. h3 h5 20. Kf2 Rfd8
21. c3 Bf5 22. Re1 Be4 23. g4 hxg4 24. hxg4 f5 25. gxf5 gxf5 26. Rg1+ Kf7 27.
Be1 Rh8 28. Rd2 Rh2+ 29. Ke3 Rh3+ 30. Rg3 Rh1 31. Bf2 Rd6 32. c4 a6 33. c5 Rc6
34. Kd4 Rc1 35. Rc3 Rxc3 36. Kxc3 Rh6 37. Bd4 Rh1 38. Kb4 Rh6 39. Be5 Ke7 40.
Ka5 Kd7 41. b4 Kc6 42. a4 Rh3 43. Rd1 Rg3 44. Rc1 Rg6 45. Rc3 Bg2 46. Rc2 Kd7
47. Re2 Kc6 48. Bd6 b6+ 49. cxb6 Kxd6 50. Kxa6 Bf1 51. b7 Bxe2+ 52. Ka7 Rg7 53.
Ka8 Rg8+ 54. b8=Q+ Rxb8+ 55. Kxb8 Kc6 56. Ka7 d4 57. b5+ Bxb5 0-1

[Event "Championnat de France - Open C"]
[Site "Caen"]
[Date "2011.08.17"]
[Round "2.5"]
[White "Jullien, Patrick"]
[Black "Saucey, Capucine"]
[Result "0-1"]
[WhiteElo "1692"]
[BlackElo "1788"]
[PlyCount "58"]

1. Nf3 d5 2. d4 e6 3. e3 a6 4. Bd3 Bd6 5. Nbd2 Nf6 6. b3 b5 7. Bb2 Bb7 8. O-O
Nbd7 9. Re1 Ne4 10. Ne5 Qf6 11. Nxe4 dxe4 12. Nxd7 Kxd7 13. Bf1 h5 14. Qc1 Qf5
15. c4 h4 16. c5 Bxh2+ 17. Kxh2 Qxf2 18. Re2 Qg3+ 19. Kg1 h3 20. Qe1 Qg5 21.
Qf2 f5 22. Qf4 Qe7 23. Ba3 g5 24. c6+ Bxc6 25. Bxe7 gxf4 26. Bg5 f3 27. Rc2
hxg2 28. Bxg2 fxg2 29. Rac1 Rh1+ 0-1

[Event "Championnat de France - Open C"]
[Site "Caen"]
[Date "2011.08.17"]
[Round "2.6"]
[White "Frach, Gerald"]
[Black "Rost, Pierre"]
[Result "0-1"]
[WhiteElo "1690"]
[BlackElo "1783"]
[PlyCount "53"]

1. d4 d5 2. c4 c6 3. Nc3 dxc4 4. a4 Nf6 5. e3 Bf5 6. Bxc4 e6 7. Nf3 Bb4 8. Bd2
Nbd7 9. O-O O-O 10. Re1 Qc7 11. Qb3 a5 12. Rac1 e5 13. d5 Nc5 14. Qa2 e4 15.
Nd4 Bg6 16. dxc6 bxc6 17. Red1 Ng4 18. g3 Ne5 19. Nce2 Bh5 20. Bxb4 axb4 21. b3
Ncd3 22. Rc2 c5 23. Nb5 Qd7 24. Bxd3 exd3 25. Rxc5 dxe2 26. Rxd7 e1=Q+ 27. Kg2
0-1

[Event "Championnat de France - Open C"]
[Site "Caen"]
[Date "2011.08.17"]
[Round "2.7"]
[White "Stojanovic, Vojislav"]
[Black "Durot, Edwige"]
[Result "1-0"]
[WhiteElo "1781"]
[BlackElo "1693"]
[PlyCount "59"]

1. e4 c5 2. c4 e6 3. Nc3 a6 4. Nf3 Nc6 5. d4 cxd4 6. Nxd4 Qc7 7. Nxc6 dxc6 8.
Qf3 Nf6 9. Bf4 e5 10. Bg5 Be7 11. h3 Be6 12. Be2 Rd8 13. O-O O-O 14. Be3 Nd7
15. Qg3 Kh8 16. f4 exf4 17. Bxf4 Bc5+ 18. Kh1 Qc8 19. Bc7 Rde8 20. Na4 Be7 21.
Rad1 Bd8 22. Bd6 Be7 23. b3 Bxd6 24. Rxd6 Nf6 25. Qh4 Rd8 26. e5 Rxd6 27. exd6
c5 28. Bd3 h6 29. Rxf6 gxf6 30. Qxh6+ 1-0

[Event "Championnat de France - Open C"]
[Site "Caen"]
[Date "2011.08.17"]
[Round "2.8"]
[White "Boursier, Marianne"]
[Black "Chandran, Franck"]
[Result "1-0"]
[WhiteElo "1685"]
[BlackElo "1777"]
[PlyCount "85"]

1. e4 d6 2. d4 Nf6 3. Nc3 Nbd7 4. f4 e5 5. Nf3 exd4 6. Nxd4 Be7 7. Be3 O-O 8.
Qf3 Re8 9. h3 Nc5 10. Bd3 Nxd3+ 11. cxd3 c6 12. O-O-O a5 13. g4 c5 14. Ndb5 a4
15. g5 Nd7 16. Nd5 Rf8 17. Nbc7 Rb8 18. h4 Nb6 19. h5 Nxd5 20. Nxd5 Be6 21.
Nxe7+ Qxe7 22. f5 Bxa2 23. f6 Qe6 24. fxg7 Rfe8 25. g6 hxg6 26. hxg6 fxg6 27.
Bd2 d5 28. Rh8+ Kxg7 29. exd5 Qe5 30. Bc3 Qxc3+ 31. bxc3 Rxh8 32. Qe4 Rbe8 33.
Qxa4 Ra8 34. Qd7+ Kh6 35. Qf7 Bxd5 36. Qf4+ Kg7 37. Qc7+ Bf7 38. Kb1 Rac8 39.
Qf4 Ra8 40. Rf1 Ba2+ 41. Kc1 Ra6 42. c4 Re6 43. Qf7+ 1-0

[Event "Championnat de France - Open C"]
[Site "Caen"]
[Date "2011.08.17"]
[Round "2.9"]
[White "Rubini, Xavier"]
[Black "Fernandez, Clement"]
[Result "1-0"]
[WhiteElo "1675"]
[BlackElo "1777"]
[PlyCount "39"]

1. e4 e6 2. Nc3 d5 3. exd5 exd5 4. d4 c6 5. Bd3 Bd6 6. Qe2+ Ne7 7. Bg5 O-O 8.
O-O-O Qc7 9. h4 Bf5 10. g4 Bxd3 11. Rxd3 Re8 12. Nh3 Nd7 13. Re3 f6 14. Rf3
fxg5 15. Qe6+ Kh8 16. Nxg5 Bf4+ 17. Kb1 Bxg5 18. hxg5 Ng6 19. Rxh7+ Kxh7 20.
Rh3+ 1-0

[Event "Championnat de France - Open C"]
[Site "Caen"]
[Date "2011.08.17"]
[Round "2.10"]
[White "Le Bail, Stephane"]
[Black "Parisot, Anthony"]
[Result "1-0"]
[WhiteElo "1776"]
[BlackElo "1672"]
[PlyCount "91"]

1. d4 d5 2. Bf4 Nf6 3. e3 c5 4. Nf3 Nc6 5. Be2 Bg4 6. h3 Bxf3 7. Bxf3 Qb6 8.
dxc5 Qxc5 9. O-O e6 10. Nd2 Be7 11. Nb3 Qb6 12. c3 O-O 13. Rc1 Rfd8 14. Qc2
Rac8 15. Qd2 e5 16. Bg3 Ne4 17. Bxe4 dxe4 18. Qe2 f5 19. Qc4+ Kf8 20. Qe6 g6
21. Bxe5 Qb5 22. Bf6 Qd5 23. Bxe7+ Nxe7 24. Qf6+ Qf7 25. Qh8+ Ng8 26. Qe5 Qf6
27. Qa5 a6 28. Rcd1 Rd6 29. Qb4 Rcd8 30. Rd4 Ne7 31. Qxb7 Qe6 32. Rfd1 Rxd4 33.
Rxd4 Rxd4 34. cxd4 h5 35. a4 Qd6 36. Nc5 a5 37. Qa7 Kf7 38. Qxa5 Nc6 39. Qb6
Ke7 40. a5 Nd8 41. Qa7+ Ke8 42. a6 Qc6 43. b4 Qb5 44. Qg7 Qc6 45. a7 h4 46.
Qd7+ 1-0

[Event "Championnat de France - Open C"]
[Site "Caen"]
[Date "2011.08.18"]
[Round "3.2"]
[White "Lagarde, Benjamin"]
[Black "Nouhaud, Laurent"]
[Result "0-1"]
[WhiteElo "1710"]
[BlackElo "1793"]
[PlyCount "108"]

1. e4 Nc6 2. Nc3 e6 3. g3 d5 4. d3 Bb4 5. Bd2 Nf6 6. Bg2 a5 7. f4 d4 8. Nce2
Bxd2+ 9. Qxd2 Ng4 10. c3 e5 11. f5 g6 12. cxd4 Nxd4 13. Nxd4 Qxd4 14. Bf3 gxf5
15. Bxg4 fxg4 16. Ne2 Qb4 17. Nc3 Be6 18. O-O O-O-O 19. a3 Qd4+ 20. Kh1 Qxd3
21. Qg5 Qd2 22. Qxe5 Qxb2 23. Qxa5 Rd2 24. Qa8+ Kd7 25. Qa4+ Ke7 26. Qb4+ Qxb4
27. axb4 Rc2 28. Rfc1 Rb2 29. b5 Rd8 30. Ra7 Rdd2 31. Nd5+ Bxd5 32. exd5 Rxh2+
33. Kg1 Rbg2+ 34. Kf1 Kd6 35. Rxb7 Rh1+ 36. Kxg2 Rxc1 37. b6 cxb6 38. Rxb6+
Kxd5 39. Rh6 Rc2+ 40. Kg1 Ke4 41. Rxh7 Kf3 42. Rxf7+ Kxg3 43. Rf1 Kh3 44. Rf7
Rc1+ 45. Kf2 g3+ 46. Ke2 Rc4 47. Rh7+ Kg2 48. Ke3 Kf1 49. Rh1+ Kg2 50. Rh7 Kg1
51. Ke2 g2 52. Ra7 Rh4 53. Rg7 Kh1 54. Kf2 Rh6 0-1

[Event "Championnat de France - Open C"]
[Site "Caen"]
[Date "2011.08.18"]
[Round "3.3"]
[White "Saucey, Capucine"]
[Black "Hoerdt, Audran"]
[Result "1-0"]
[WhiteElo "1788"]
[BlackElo "1707"]
[PlyCount "79"]

1. e4 e6 2. d4 d5 3. exd5 exd5 4. Bd3 Bd6 5. Nf3 Ne7 6. O-O O-O 7. Re1 Bf5 8.
Bg5 Bxd3 9. Qxd3 f6 10. Bh4 Qd7 11. Bg3 Nf5 12. Nbd2 Nxg3 13. hxg3 Na6 14. c3
c6 15. Kh2 Rae8 16. Rh1 Qg4 17. Nf1 f5 18. Ne3 Qe4 19. Qd2 Bxg3+ 20. Kg1 Bf4
21. Re1 Re6 22. Rh4 Rfe8 23. Qd1 Rh6 24. Nc2 Rxh4 25. Rxe4 Bh2+ 26. Nxh2 Rhxe4
27. Nf3 Nc7 28. Ne5 Rh4 29. Ne3 Rf8 30. g3 Rh6 31. Qf3 Kh8 32. g4 Rhf6 33. gxf5
Rd6 34. Qh5 Kg8 35. N3g4 Ne8 36. Qg5 h6 37. Qe7 h5 38. f6 Nxf6 39. Nh6+ gxh6
40. Qxd6 1-0

[Event "Championnat de France - Open C"]
[Site "Caen"]
[Date "2011.08.18"]
[Round "3.4"]
[White "Rost, Pierre"]
[Black "Chameret, Jean"]
[Result "1-0"]
[WhiteElo "1783"]
[BlackElo "1705"]
[PlyCount "59"]

1. e4 b6 2. d4 Bb7 3. Nc3 e6 4. Nf3 Bb4 5. Bd3 Nf6 6. e5 Ne4 7. Bd2 Nxd2 8.
Qxd2 Bxf3 9. gxf3 d6 10. f4 g6 11. O-O-O d5 12. a3 Bxc3 13. Qxc3 a5 14. h4 h5
15. Rdg1 Qc8 16. Rg5 c5 17. Rhg1 c4 18. Bxg6 fxg6 19. Rxg6 Kd7 20. Qh3 Qe8 21.
Rg7+ Kc6 22. R1g6 Kb5 23. Rxe6 Qf8 24. Qg3 Qf5 25. Rd6 Qe4 26. Qe3 Qh1+ 27. Kd2
Rc8 28. Rgg6 Ka6 29. Rxb6+ Ka7 30. Qc3 1-0

[Event "Championnat de France - Open C"]
[Site "Caen"]
[Date "2011.08.18"]
[Round "3.5"]
[White "Malassagne, Isabelle"]
[Black "Stojanovic, Vojislav"]
[Result "1-0"]
[WhiteElo "1704"]
[BlackElo "1781"]
[PlyCount "91"]

1. e4 c6 2. d4 d5 3. Nc3 dxe4 4. Nxe4 Nd7 5. Bc4 Ndf6 6. Ng3 e6 7. Nf3 Bd6 8.
O-O Ne7 9. Bg5 Nfd5 10. c3 Qc7 11. Bxe7 Nxe7 12. Bd3 Bd7 13. Qe2 O-O-O 14. Ne4
Bf4 15. Nc5 Ng6 16. b4 Bd6 17. Qb2 e5 18. Nxd7 Rxd7 19. Bf5 e4 20. Bxe4 Re7 21.
Bf5+ Kd8 22. Rad1 Rhe8 23. Qa3 b6 24. c4 Qb7 25. c5 Bb8 26. Qb3 Nf4 27. Rd2 g6
28. Bd3 b5 29. a4 a6 30. Rfd1 Nd5 31. Bb1 Bf4 32. Ra2 g5 33. g3 Bb8 34. axb5
axb5 35. Ra5 f6 36. Qa3 g4 37. Nd2 Re1+ 38. Rxe1 Rxe1+ 39. Kg2 Re2 40. Nf1 h5
41. Ba2 h4 42. Bxd5 h3+ 43. Kg1 cxd5 44. Qd3 Qe7 45. Qxb5 Ba7 46. Rxa7 1-0

[Event "Championnat de France - Open C"]
[Site "Caen"]
[Date "2011.08.18"]
[Round "3.6"]
[White "Pernoud, Claire"]
[Black "Le Bail, Stephane"]
[Result "1/2-1/2"]
[WhiteElo "1704"]
[BlackElo "1776"]
[PlyCount "83"]

1. e4 e5 2. Nf3 Nc6 3. Bb5 a6 4. Ba4 Nf6 5. O-O Be7 6. Re1 b5 7. Bb3 O-O 8. c3
d6 9. d3 Na5 10. Bc2 c5 11. Bg5 Bg4 12. Nbd2 h6 13. Bh4 Nh7 14. Bxe7 Qxe7 15.
Qc1 Nc6 16. Bd1 f5 17. Bb3+ Kh8 18. Bd5 Rad8 19. h3 fxe4 20. Bxe4 Bf5 21. Nf1
Bxe4 22. dxe4 Rf4 23. Qe3 Rdf8 24. N1h2 Ng5 25. Qd3 Nxf3+ 26. Nxf3 Nd8 27. Re3
Ne6 28. Rd1 Rd8 29. Rd2 g5 30. g3 Rf6 31. Nh2 Nc7 32. Ng4 Rg6 33. Rf3 h5 34.
Ne3 g4 35. Rf5 Rg5 36. h4 Rxf5 37. Nxf5 Qf6 38. Qe3 Ne8 39. Kg2 Kh7 40. Qd3 Qe6
41. Qe3 Qf6 42. Qd3 1/2-1/2

[Event "Championnat de France - Open C"]
[Site "Caen"]
[Date "2011.08.18"]
[Round "3.7"]
[White "Braun, Jean-Baptiste"]
[Black "Dautheville, Simon"]
[Result "1-0"]
[WhiteElo "1702"]
[BlackElo "1765"]
[PlyCount "71"]

1. d4 d5 2. Nc3 Nf6 3. Bg5 Bf5 4. Qd2 Nbd7 5. e3 e6 6. Nge2 Be7 7. Ng3 Bg6 8.
Be2 Rc8 9. h4 h6 10. Bxf6 Nxf6 11. Bd3 Bxd3 12. cxd3 Bd6 13. Nb5 Bxg3 14. fxg3
a6 15. Nc3 c5 16. dxc5 d4 17. Ne4 Nxe4 18. dxe4 dxe3 19. Qxd8+ Kxd8 20. b4 a5
21. a3 Ke7 22. Ke2 Rhd8 23. Kxe3 axb4 24. axb4 Ra8 25. Ra5 Rxa5 26. bxa5 Rc8
27. Rb1 Rc7 28. Rb6 Rd7 29. Rb3 Rc7 30. Kd4 Kd7 31. Kc4 Kc8 32. Rd3 Rd7 33. Rd6
Rxd6 34. cxd6 Kd7 35. Kb5 f5 36. e5 1-0

[Event "Championnat de France - Open C"]
[Site "Caen"]
[Date "2011.08.18"]
[Round "3.9"]
[White "Gobbetto, Jean-Claude"]
[Black "Lemaire, Olivier"]
[Result "1/2-1/2"]
[WhiteElo "1702"]
[BlackElo "1763"]
[PlyCount "57"]

1. d4 d5 2. Nf3 Bf5 3. b3 e6 4. Bb2 Nf6 5. a3 Bd6 6. e3 Nbd7 7. Bd3 Bg6 8. Qe2
O-O 9. O-O Ne4 10. Ne5 f5 11. f4 Ndf6 12. Nd2 Bh5 13. Ndf3 Bxe5 14. dxe5 Nd7
15. Qe1 Bxf3 16. Rxf3 Ndc5 17. Bd4 Nd7 18. b4 b6 19. Bxe4 dxe4 20. Rf2 c6 21.
Rd2 Qe7 22. Bb2 Rad8 23. Rd6 Nb8 24. Rad1 Rxd6 25. exd6 Qf7 26. Be5 Nd7 27. Qc3
Rc8 28. Qb2 c5 29. c3 1/2-1/2

[Event "Championnat de France - Open C"]
[Site "Caen"]
[Date "2011.08.18"]
[Round "3.10"]
[White "Vlahovic, Dimitri"]
[Black "Rubini, Xavier"]
[Result "0-1"]
[WhiteElo "1760"]
[BlackElo "1675"]
[PlyCount "124"]

1. e4 e5 2. Nf3 Nc6 3. Nc3 Nf6 4. a3 a6 5. d3 h6 6. Be2 Bc5 7. b4 Bd4 8. Nxd4
Nxd4 9. O-O d6 10. f4 Nxe2+ 11. Nxe2 Bg4 12. fxe5 dxe5 13. Bb2 Nd7 14. h3 Bxe2
15. Qxe2 Qe7 16. Qf2 O-O 17. Qg3 Qg5 18. Qxg5 hxg5 19. g4 f6 20. Kg2 Rae8 21.
Rf2 Rf7 22. Raf1 Nf8 23. Kf3 Ng6 24. Ke3 Kf8 25. Bc3 Ke7 26. Be1 Rh8 27. Rh2
Kd7 28. Bg3 Nf4 29. Kd2 Ng6 30. c3 Ke7 31. Kc2 c6 32. Rd1 Ke8 33. Rdh1 Nh4 34.
c4 Nf3 35. Rf2 Nd4+ 36. Kc3 Rd7 37. h4 gxh4 38. Rxh4 Rxh4 39. Bxh4 g5 40. Bg3
Rh7 41. Rh2 Rxh2 42. Bxh2 Kd7 43. a4 b6 44. Kb2 b5 45. Bg1 Ne6 46. c5 Nd8 47.
d4 exd4 48. Bxd4 Ke6 49. axb5 axb5 50. Kc3 Nf7 51. Kd3 Nh6 52. Ke3 Nxg4+ 53.
Kf3 Ne5+ 54. Kg3 Nd3 55. Bc3 Ne5 56. Bd2 Nc4 57. Bc1 Ke5 58. Kf3 g4+ 59. Kxg4
Kxe4 60. Kg3 Ne3 61. Kf2 Nc2 62. Bd2 Kd3 0-1